| 000 | 01113pam a2200349 a 4500 | ||
|---|---|---|---|
| 001 | 5742 | ||
| 003 | FISKH | ||
| 005 | 20250331093626.0 | ||
| 008 | 940202s1995 nyua j 000 1 eng | ||
| 010 | _a 94004112 | ||
| 020 | _a0688133584 (trade) | ||
| 020 | _a9780060080921 | ||
| 020 | _a0688133592 (lib. bdg.) | ||
| 040 |
_aDLC _cDLC _dDLC _beng |
||
| 050 | _aPZ7.P2185 | ||
| 082 | _a511 | ||
| 100 | 1 | _aParish, Herman. | |
| 245 | 1 | 0 |
_aGood driving, Amelia Bedelia / _cby Herman Parish ; pictures by Lynn Sweat. |
| 260 |
_aNew York : _bHarper Collins Publisher, _c1995. |
||
| 300 |
_a32 pages : _bcolor illustrations ; _c23 cm |
||
| 490 |
_aI Can Read! _vReading with Help 2 |
||
| 505 | _aI | ||
| 520 | _aAmelia Bedelia's literalness causes some problems when Mr. Rogers takes her out to practice her driving. | ||
| 521 | 8 |
_a450
_bLexile |
|
| 521 | 8 |
_aI
_bRaz-Plus |
|
| 650 | 1 |
_aAutomobile driving _xFiction. |
|
| 650 | 1 | _aHumorous stories. | |
| 700 | 1 |
_aSweat, Lynn, _eillustrator |
|
| 906 |
_a7 _bcbc _corignew _d1 _eocip _f19 _gy-gencatlg |
||
| 942 |
_2ddc _cBK _n0 |
||
| 999 |
_c5742 _d5742 |
||